[Event "GER-ch U16 Girls"]
[Site "Oberhof"]
[Date "2010.05.27"]
[Round "7"]
[White "Zimmerer, Leah"]
[Black "Rosenfeld, Elisabeth"]
[Result "1-0"]
[WhiteElo "1618"]
[BlackElo "1601"]
[PlyCount "33"]
[EventDate "2010.05.22"]
[EventType "swiss"]
[EventRounds "9"]
[EventCountry "GER"]
[SourceTitle "CBM 136 Extra"]
[Source "ChessBase"]
[SourceDate "2010.07.02"]
[SourceVersion "2"]
[SourceVersionDate "2010.07.15"]
[SourceQuality "1"]

1. e4 e5 2. Nf3 Nf6 3. Nxe5 d6 4. Nf3 Nxe4 5. Nc3 Nxc3 6. dxc3 Nc6 7. Bf4 Be7 8. Qd2 Bf5 9. Be2 Qd7 10. 0-0-0 0-0-0 11. h3 Bf6 12. Rhe1 h6 13. Kb1 g5 14. Bg3 a6 15. Nd4 Bg6 16. Bg4 Bf5 17. Bxf5 1-0

[Event "Main Vogelsberg op 4th"]
[Site "Heusenstamm"]
[Date "2009.05.03"]
[Round "7"]
[White "Hillgaertner, Walter"]
[Black "Zimmerer, Leah"]
[Result "1-0"]
[WhiteElo "1976"]
[BlackElo "1626"]
[PlyCount "51"]
[EventDate "2009.04.30"]
[EventType "swiss"]
[EventRounds "7"]
[EventCountry "GER"]
[SourceTitle "CBM 130 Extra"]
[Source "ChessBase"]
[SourceDate "2009.07.02"]
[SourceVersion "2"]
[SourceVersionDate "2009.07.15"]
[SourceQuality "1"]

1. Nf3 Nf6 2. b3 b6 3. Bb2 Bb7 4. g3 e6 5. Bg2 Be7 6. c4 0-0 7. 0-0 d6 8. d3 Nbd7 9. Nbd2 Ne8 10. Qc2 f5 11. Nd4 Bxg2 12. Kxg2 Nc5 13. b4 e5 14. Nc6 Qd7 15. Nxe7+ Qxe7 16. bxc5 bxc5 17. Bc3 c6 18. Qa4 Rc8 19. Rab1 d5 20. Qa6 Nf6 21. Rb7 Rc7 22. Rxc7 Qxc7 23. Rb1 Rf7 24. Ba5 Qd7 25. Rb8+ Rf8 26. Rb7 1-0

[Event "GER-chT U14"]
[Site "Verden"]
[Date "2008.12.30"]
[Round "7.3"]
[White "Eigemann, Julian"]
[Black "Zimmerer, Leah"]
[Result "1/2-1/2"]
[WhiteElo "1671"]
[BlackElo "1568"]
[PlyCount "99"]
[EventDate "2008.12.27"]
[EventType "team-swiss"]
[EventRounds "7"]
[EventCountry "GER"]
[SourceTitle "EXT 2010"]
[Source "ChessBase"]
[SourceDate "2010.11.25"]
[SourceVersion "1"]
[SourceVersionDate "2010.11.25"]
[SourceQuality "1"]
[WhiteTeam "Koeln Muelheim"]
[BlackTeam "Mainaschaff"]
[WhiteTeamCountry "GER"]
[BlackTeamCountry "GER"]

1. e4 c5 2. Nf3 e6 3. d3 Nc6 4. g3 g6 5. Bg2 Bg7 6. 0-0 Nge7 7. c3 0-0 8. Nbd2 d6 9. a4 Kh8 10. Re1 e5 11. Nh4 f5 12. exf5 Nxf5 13. Nxf5 Bxf5 14. Ne4 h6 15. f4 Kh7 16. Kh1 Qc7 17. Rf1 Rae8 18. Qc2 Qd7 19. Bd2 b6 20. Rae1 d5 21. Nf2 c4 22. g4 cxd3 23. Nxd3 Bxg4 24. Nxe5 Nxe5 25. fxe5 Rxf1+ 26. Bxf1 Bf3+ 27. Bg2 Bxg2+ 28. Kxg2 Bxe5 29. Qd3 Bg7 30. Rxe8 Qxe8 31. Qxd5 Qxa4 32. b3 Qg4+ 33. Kf2 Qf5+ 34. Qxf5 gxf5 35. c4 Kg6 36. Bf4 Bd4+ 37. Kf3 Bc5 38. Kg3 a6 39. Kf3 b5 40. cxb5 axb5 41. Kg3 Be7 42. Kf3 Bg5 43. Be5 Kf7 44. Kg3 Ke6 45. Bc3 Kd5 46. Kf3 h5 47. h3 Bh6 48. Bb2 Kc5 49. Bc3 Kd5 50. Bb2 1/2-1/2

[Event "GER-chT U14"]
[Site "Verden"]
[Date "2008.12.28"]
[Round "4.3"]
[White "Kolschewski, Tobias"]
[Black "Zimmerer, Leah"]
[Result "1/2-1/2"]
[WhiteElo "1562"]
[BlackElo "1568"]
[PlyCount "58"]
[EventDate "2008.12.27"]
[EventType "team-swiss"]
[EventRounds "7"]
[EventCountry "GER"]
[SourceTitle "EXT 2010"]
[Source "ChessBase"]
[SourceDate "2010.11.25"]
[SourceVersion "1"]
[SourceVersionDate "2010.11.25"]
[SourceQuality "1"]
[WhiteTeam "Marmstorf"]
[BlackTeam "Mainaschaff"]
[WhiteTeamCountry "GER"]
[BlackTeamCountry "GER"]

1. e4 c5 2. Nf3 e6 3. d4 cxd4 4. Nxd4 Nf6 5. Nc3 Bb4 6. Bd3 a6 7. Bg5 Qc7 8. Qd2 Be7 9. a4 b6 10. Nf3 d6 11. 0-0 0-0 12. Rfe1 Nbd7 13. Rad1 Bb7 14. Bh4 Rfd8 15. h3 Nc5 16. Bg3 Bc6 17. b3 Qb7 18. Qe2 Ra7 19. Nd4 Be8 20. Kh1 Qc8 21. Nf3 Rc7 22. Bc4 Nh5 23. Bh2 g6 24. Kg1 Bf8 25. g4 Ng7 26. Ra1 Kh8 27. Kg2 Bd7 28. Ng5 Be8 29. Nf3 Bd7 1/2-1/2

[Event "GER-chT U14"]
[Site "Verden"]
[Date "2008.12.27"]
[Round "2.3"]
[White "Plaettner, Stefan"]
[Black "Zimmerer, Leah"]
[Result "1-0"]
[WhiteElo "1553"]
[BlackElo "1568"]
[PlyCount "103"]
[EventDate "2008.12.27"]
[EventType "team-swiss"]
[EventRounds "7"]
[EventCountry "GER"]
[SourceTitle "EXT 2010"]
[Source "ChessBase"]
[SourceDate "2010.11.25"]
[SourceVersion "1"]
[SourceVersionDate "2010.11.25"]
[SourceQuality "1"]
[WhiteTeam "Grossroehrsdorf"]
[BlackTeam "Mainaschaff"]
[WhiteTeamCountry "GER"]
[BlackTeamCountry "GER"]

1. e4 c5 2. Nc3 e6 3. d3 Nc6 4. g3 g6 5. Bg2 Bg7 6. Be3 d6 7. Qd2 Nge7 8. Bh6 0-0 9. 0-0-0 a6 10. h4 Kh8 11. Bxg7+ Kxg7 12. h5 Ng8 13. Nf3 h6 14. hxg6 fxg6 15. Rh2 Qf6 16. Rdh1 Kf7 17. g4 Qe7 18. d4 Ke8 19. d5 Nd8 20. dxe6 Bxe6 21. Nd5 Bxd5 22. exd5 Kd7 23. g5 h5 24. Nh4 Qf7 25. Be4 Ne7 26. Rf1 b6 27. f4 Nb7 28. Rhf2 Qg8 29. Qd3 b5 30. Nxg6 Nxg6 31. Bxg6 c4 32. Qh3+ Kc7 33. Qe6 Qg7 34. Bxh5 Nc5 35. Qe3 Rh8 36. Bg4 Na4 37. c3 Nc5 38. Be2 Rhe8 39. Qd4 Qg8 40. Rg2 Re4 41. Qd2 Rae8 42. g6 Rf8 43. f5 Rf6 44. g7 Rh4 45. Rg6 Rxg6 46. fxg6 Kb6 47. Rf7 Rh1+ 48. Kc2 Qc8 49. Bf3 Rg1 50. Qe2 Qg8 51. Qe7 Qc8 52. g8Q 1-0

[Event "GER-chT U14"]
[Site "Verden"]
[Date "2008.12.27"]
[Round "1.3"]
[White "Zimmerer, Leah"]
[Black "Felczer, David"]
[Result "1-0"]
[WhiteElo "1568"]
[BlackElo "1331"]
[PlyCount "65"]
[EventDate "2008.12.27"]
[EventType "team-swiss"]
[EventRounds "7"]
[EventCountry "GER"]
[SourceTitle "EXT 2010"]
[Source "ChessBase"]
[SourceDate "2010.11.25"]
[SourceVersion "1"]
[SourceVersionDate "2010.11.25"]
[SourceQuality "1"]
[WhiteTeam "Mainaschaff"]
[BlackTeam "Gruendau"]
[WhiteTeamCountry "GER"]
[BlackTeamCountry "GER"]

1. e4 c5 2. Nf3 e6 3. d4 cxd4 4. Nxd4 Nc6 5. Nc3 a6 6. Bc4 Qc7 7. Bb3 Bb4 8. 0-0 Nf6 9. Nde2 h6 10. h3 0-0 11. a3 Ba5 12. Bf4 e5 13. Be3 b5 14. Bc5 Re8 15. Nd5 Nxd5 16. Qxd5 Re6 17. Rad1 Bb6 18. Bd6 Qa7 19. Qd2 Rf6 20. Ng3 Bc5 21. Bxc5 Qxc5 22. Nf5 Ne7 23. Nd6 Ra7 24. Qd3 Bb7 25. Ne8 Rf4 26. Qg3 g6 27. Rxd7 Bc6 28. Rxa7 Qxa7 29. Nd6 Qd4 30. Qd3 Bxe4 31. Nxe4 Rxe4 32. Rd1 Nf5 33. Qf3 1-0

[Event "GER-ch U14 Girls"]
[Site "Willingen"]
[Date "2007.06.02"]
[Round "9"]
[White "Zimmerer, Leah"]
[Black "Velina, Valeria"]
[Result "1-0"]
[WhiteElo "1550"]
[BlackElo "1190"]
[PlyCount "83"]
[EventDate "2007.05.26"]
[EventType "swiss"]
[EventRounds "9"]
[EventCountry "GER"]
[SourceTitle "CBM 118 Extra"]
[Source "ChessBase"]
[SourceDate "2007.07.04"]
[SourceVersion "1"]
[SourceVersionDate "2007.07.04"]
[SourceQuality "1"]

1. e4 c5 2. Nf3 d6 3. d4 cxd4 4. Nxd4 Nf6 5. Nc3 e6 6. Bg5 a6 7. Bc4 Be7 8. Bb3 0-0 9. 0-0 b5 10. a3 d5 11. exd5 Nxd5 12. Bxd5 exd5 13. Bxe7 Qxe7 14. Nxd5 Qe4 15. Nc3 Qg6 16. Qf3 Ra7 17. Qg3 Qxg3 18. hxg3 Rd7 19. Nf3 Bb7 20. Rad1 Rfd8 21. Rxd7 Rxd7 22. Rd1 Rxd1+ 23. Nxd1 Bxf3 24. gxf3 Nc6 25. c3 Ne5 26. f4 Nc4 27. Kf1 Kf8 28. Ke2 Ke7 29. Kd3 f5 30. Kc2 Ke6 31. Ne3 Nd6 32. f3 h6 33. Kd3 Nb7 34. Kd4 g6 35. c4 Kd6 36. b4 bxc4 37. Nxc4+ Ke6 38. a4 h5 39. Ne5 Kf6 40. Nd7+ Ke7 41. Nc5 Nxc5 42. Kxc5 1-0

[Event "GER-ch U14 Girls"]
[Site "Willingen"]
[Date "2007.05.30"]
[Round "7"]
[White "Begeluri, Nino"]
[Black "Zimmerer, Leah"]
[Result "1-0"]
[WhiteElo "1553"]
[BlackElo "1550"]
[PlyCount "77"]
[EventDate "2007.05.26"]
[EventType "swiss"]
[EventRounds "9"]
[EventCountry "GER"]
[SourceTitle "CBM 118 Extra"]
[Source "ChessBase"]
[SourceDate "2007.07.04"]
[SourceVersion "1"]
[SourceVersionDate "2007.07.04"]
[SourceQuality "1"]

1. e4 c5 2. Nf3 Nc6 3. d4 cxd4 4. Nxd4 Nf6 5. Nc3 e5 6. Ndb5 d6 7. Nd5 Nxd5 8. exd5 Nb8 9. a4 Be7 10. Be2 0-0 11. 0-0 f5 12. f4 Nd7 13. b4 a6 14. Na3 Qb6+ 15. Kh1 Qxb4 16. Nc4 Qc5 17. Ba3 Qc7 18. fxe5 Nc5 19. Qd4 dxe5 20. Qxe5 Qxe5 21. Nxe5 Bd6 22. Nc4 Re8 23. Bh5 g6 24. Bxg6 hxg6 25. Nxd6 Re5 26. Bxc5 Rxd5 27. Ba3 Rd2 28. c3 Rd3 29. Kg1 Rxc3 30. Rfc1 Rxc1+ 31. Rxc1 Be6 32. Nxb7 Bd7 33. Nc5 Be8 34. a5 Bb5 35. Ne6 Kf7 36. Nc7 Ra7 37. Nxb5 axb5 38. Bb4 Ke8 39. Rc6 1-0

[Event "GER-ch U14 Girls"]
[Site "Willingen"]
[Date "2007.05.29"]
[Round "5"]
[White "Falke, Cynthia"]
[Black "Zimmerer, Leah"]
[Result "1/2-1/2"]
[WhiteElo "1416"]
[BlackElo "1550"]
[PlyCount "88"]
[EventDate "2007.05.26"]
[EventType "swiss"]
[EventRounds "9"]
[EventCountry "GER"]
[SourceTitle "CBM 118 Extra"]
[Source "ChessBase"]
[SourceDate "2007.07.04"]
[SourceVersion "1"]
[SourceVersionDate "2007.07.04"]
[SourceQuality "1"]

1. e4 c5 2. Nc3 Nc6 3. d3 g6 4. Be3 d6 5. g3 Bg7 6. Bg2 e6 7. Qd2 Nge7 8. Nf3 Nd4 9. 0-0 0-0 10. Nd1 Rb8 11. c3 Nxf3+ 12. Bxf3 b6 13. Bh6 Bb7 14. Bxg7 Kxg7 15. Ne3 f5 16. Bg2 f4 17. gxf4 Ng8 18. Bh3 Bc8 19. Ng2 Nf6 20. f5 exf5 21. exf5 Nh5 22. Bg4 Nf6 23. f3 gxf5 24. Qg5+ Kh8 25. Bxf5 Rg8 26. Qf4 Nd5 27. Qe4 Bxf5 28. Qxd5 Rg5 29. f4 Qg8 30. Qxg8+ Rgxg8 31. Rad1 Rg7 32. Kh1 Bh3 33. Rg1 Bg4 34. Rd2 Bf3 35. Rf2 Bd5 36. c4 Bc6 37. h3 Rbg8 38. Kh2 Rg3 39. f5 Bd7 40. Rff1 Rxd3 41. Rf2 Rgg3 42. Nf4 Rxg1 43. Nxd3 Rd1 44. f6 Be6 1/2-1/2

[Event "GER-ch U12"]
[Site "Willingen"]
[Date "2006.06.09"]
[Round "10"]
[White "Zimmerer, Leah"]
[Black "Schaetz, Annika"]
[Result "0-1"]
[WhiteElo "1291"]
[BlackElo "1406"]
[PlyCount "132"]
[EventDate "2006.06.03"]
[EventType "swiss"]
[EventRounds "11"]
[EventCountry "GER"]
[SourceTitle "EXT 2007"]
[Source "ChessBase"]
[SourceDate "2006.11.23"]
[SourceVersion "1"]
[SourceVersionDate "2006.11.23"]
[SourceQuality "1"]

1. e4 c5 2. Nf3 d6 3. d4 cxd4 4. Nxd4 Nf6 5. Nc3 g6 6. f3 Bg7 7. Be3 0-0 8. g4 Nc6 9. Qd2 Nxd4 10. Bxd4 Be6 11. 0-0-0 Qa5 12. a3 a6 13. Qf2 Nd7 14. Bxg7 Kxg7 15. h4 b5 16. h5 b4 17. Qd4+ Kg8 18. Qxb4 Qc7 19. Qd4 Ne5 20. Qe3 Nd7 21. Qh6 Nf6 22. hxg6 fxg6 23. Be2 Rf7 24. Qd2 Rb8 25. Bxa6 Qb6 26. Bb5 Bd7 27. a4 Bxb5 28. Nxb5 Ra8 29. Nc3 Rb8 30. b3 Qc6 31. Nd5 Nxd5 32. Qxd5 Qxd5 33. Rxd5 Rxf3 34. Rg1 Rc8 35. e5 Rf2 36. c4 Rf3 37. Kb2 Rb8 38. exd6 Rbxb3+ 39. Kc2 Rbc3+ 40. Kd2 exd6 41. Rxd6 Rxc4 42. Ra6 Ra3 43. a5 Rca4 44. Ke2 Rxa5 45. Rxa5 Rxa5 46. Kf3 Ra4 47. Rg2 Kg7 48. Rg1 Kf6 49. Rg2 Kg5 50. Rg1 Rf4+ 51. Ke3 Rxg4 52. Ra1 h5 53. Rh1 Kh6 54. Kf3 g5 55. Rh2 Rf4+ 56. Kg3 h4+ 57. Kh3 Kh5 58. Kg2 g4 59. Rh1 Rf3 60. Ra1 h3+ 61. Kh2 Kh4 62. Ra8 g3+ 63. Kg1 h2+ 64. Kg2 Rf2+ 65. Kh1 Rf1+ 66. Kg2 h1Q# 0-1

[Event "NRW U14 op"]
[Site "Olpe"]
[Date "2005.10.01"]
[Round "1.6"]
[White "Zimmerer, Leah"]
[Black "Lobmeyer, Fabian"]
[Result "0-1"]
[WhiteElo "1111"]
[BlackElo "1654"]
[PlyCount "118"]
[EventDate "2005.10.01"]
[EventType "swiss"]
[EventRounds "7"]
[EventCountry "GER"]
[SourceTitle "CBM 108 Extra"]
[Source "ChessBase"]
[SourceDate "2005.11.04"]
[SourceVersion "1"]
[SourceVersionDate "2005.11.04"]
[SourceQuality "1"]

1. e4 c5 2. Nf3 e6 3. d4 cxd4 4. Nxd4 Nc6 5. Nc3 Qc7 6. Bc4 a6 7. Be3 Bb4 8. 0-0 Nf6 9. Nde2 Bd6 10. Kh1 Ng4 11. h3 Nxe3 12. fxe3 Qb6 13. Qe1 Bc5 14. Rf3 Ne5 15. Bb3 Nxf3 16. gxf3 Bxe3 17. Qd1 Bg5 18. f4 Be7 19. Nd4 d6 20. e5 d5 21. Nce2 Qc7 22. Qg1 Rg8 23. Ng3 Bd7 24. Nh5 0-0-0 25. Ne2 b5 26. c3 g5 27. Qe3 Bc6 28. Nd4 gxf4 29. Nxf4 Bg5 30. a4 Qb6 31. Qf2 Rg7 32. Nfe2 Rdg8 33. axb5 Bxb5 34. Qg1 Bxe2 35. Nxe2 Be3 36. Qd1 Rg1+ 37. Nxg1 Rxg1+ 38. Qxg1 Bxg1 39. Rxg1 Qxb3 40. Rg8+ Kd7 41. Ra8 Qc4 42. Ra7+ Ke8 43. Ra8+ Ke7 44. Ra7+ Kf8 45. Rb7 Kg7 46. Rb4 Qf1+ 47. Kh2 Qe2+ 48. Kh1 Qxe5 49. Rg4+ Kf6 50. Rg2 Ke7 51. Rf2 f5 52. Kg2 f4 53. Kf1 Qh5 54. Kg2 e5 55. b4 Qh4 56. Rf3 e4 57. Rf2 Qg3+ 58. Kf1 Qxh3+ 59. Rg2 f3 0-1

[Event "GER-ch U12"]
[Site "Willingen"]
[Date "2005.05.19"]
[Round "8"]
[White "Rau, Carla"]
[Black "Zimmerer, Leah"]
[Result "1-0"]
[WhiteElo "1063"]
[BlackElo "1243"]
[PlyCount "105"]
[EventDate "2005.05.14"]
[EventType "swiss"]
[EventRounds "11"]
[EventCountry "GER"]
[SourceTitle "CBM 106 Extra"]
[Source "ChessBase"]
[SourceDate "2005.07.01"]
[SourceVersion "1"]
[SourceVersionDate "2005.07.01"]
[SourceQuality "1"]

1. d4 f5 2. e3 e6 3. Nf3 Nf6 4. Bd3 b6 5. 0-0 Bb7 6. Nbd2 d6 7. Re1 g6 8. e4 f4 9. e5 dxe5 10. dxe5 Nd5 11. Ne4 Bg7 12. Neg5 Qe7 13. Nh3 0-0 14. Be4 Bh6 15. g3 g5 16. Nfxg5 Bxg5 17. Qg4 h6 18. gxf4 Rf7 19. fxg5 Rg7 20. g6 Qd7 21. Bxh6 Re7 22. g7 Nc6 23. Ng5 Rxg7 24. Bxg7 Qxg7 25. Bh7+ Kh8 26. Qh5 Nf4 27. Qg4 Nh3+ 28. Qxh3 Qxg5+ 29. Kh1 Nxe5+ 30. Be4+ Kg7 31. Bxb7 Rh8 32. Rg1 Rxh3 33. Rxg5+ Kf6 34. Bg2 Rh4 35. Rg3 Ng4 36. Rxg4 Rxg4 37. h3 Rd4 38. c3 Rd2 39. b4 Rxf2 40. Rf1 Rxf1+ 41. Bxf1 e5 42. Kg2 Kf5 43. Kf3 c6 44. h4 e4+ 45. Ke3 Kg4 46. Kxe4 Kxh4 47. Kd4 Kg5 48. Ke5 Kg6 49. Kd6 Kf6 50. Kxc6 Ke6 51. Bc4+ Ke7 52. Kb7 Kd7 53. Bb5+ 1-0

[Event "GER-ch U12"]
[Site "Willingen"]
[Date "2005.05.18"]
[Round "7"]
[White "Zimmerer, Leah"]
[Black "Schulz, Anja2222"]
[Result "0-1"]
[WhiteElo "1243"]
[BlackElo "1444"]
[PlyCount "118"]
[EventDate "2005.05.14"]
[EventType "swiss"]
[EventRounds "11"]
[EventCountry "GER"]
[SourceTitle "CBM 106 Extra"]
[Source "ChessBase"]
[SourceDate "2005.07.01"]
[SourceVersion "1"]
[SourceVersionDate "2005.07.01"]
[SourceQuality "1"]

1. d4 Nf6 2. Bf4 g6 3. e3 Bg7 4. Nd2 d6 5. h3 0-0 6. Ngf3 Nbd7 7. Bh2 a6 8. a4 c5 9. c3 b6 10. Be2 Bb7 11. 0-0 Re8 12. Qb3 Qc7 13. Ng5 Rf8 14. Bc4 e6 15. f3 Nd5 16. Rfe1 Qc6 17. Nge4 e5 18. dxe5 Bxe5 19. f4 Bg7 20. Re2 Ne7 21. Ng5 d5 22. Bd3 c4 23. Nxc4 dxc4 24. Bxc4 Nc5 25. Bxf7+ Kh8 26. Qa2 Nf5 27. Bc4 h6 28. Nf3 Rae8 29. Rae1 Nxa4 30. Nd4 Bxd4 31. cxd4 Nxe3 32. Bd3 Nf5 33. Be4 Rxe4 34. Rxe4 Qc2 35. R4e2 Qc6 36. Rd1 b5 37. d5 Qc5+ 38. Kh1 Rd8 39. b4 Qxb4 40. Rb1 Qc5 41. Rd1 Rxd5 42. Re8+ Kh7 43. Rd8 Rxd1+ 44. Rxd1 Qe7 45. Qd2 Bc6 46. Re1 Qb7 47. Qe2 Nc3 48. Qd2 Ne4 49. Qc2 b4 50. Rc1 Nc3 51. Qb3 Bd5 52. Qb2 Ne3 53. Bg1 Nxg2 54. Bd4 Nxf4+ 55. Kh2 Nd3 56. Qc2 Qc7+ 57. Kg1 Qg3+ 58. Kf1 Qxh3+ 59. Kg1 Qh1# 0-1

[Event "GER-ch U12"]
[Site "Willingen"]
[Date "2005.05.17"]
[Round "6"]
[White "Weber, Max"]
[Black "Zimmerer, Leah"]
[Result "0-1"]
[WhiteElo "1128"]
[BlackElo "1243"]
[PlyCount "44"]
[EventDate "2005.05.14"]
[EventType "swiss"]
[EventRounds "11"]
[EventCountry "GER"]
[SourceTitle "CBM 106 Extra"]
[Source "ChessBase"]
[SourceDate "2005.07.01"]
[SourceVersion "1"]
[SourceVersionDate "2005.07.01"]
[SourceQuality "1"]

1. e4 c5 2. Nf3 Nc6 3. d4 cxd4 4. Nxd4 Nf6 5. Nc3 e5 6. Nf3 Bb4 7. Bd3 Bxc3+ 8. bxc3 d5 9. exd5 Nxd5 10. Bd2 b6 11. 0-0 Bb7 12. Re1 f6 13. c4 Nde7 14. Bc3 0-0 15. Qe2 Qc7 16. Rad1 Rad8 17. Qe4 f5 18. Qh4 Ng6 19. Qh3 Nf4 20. Qh4 Rf6 21. Bxe5 Nxe5 22. Qxf4 Nxf3+ 0-1